000 01128nam a22002537a 4500
001 BD-DhSAU 9281
003 BD-DhSAU
005 20181211161448.0
008 150612b2007 bg a||||r|||| 000 0 eng d
040 _aBD-DhSAU
082 _222
_a630.715
_bF375
100 _aFerdousi, Hasina
_eRegistration No. # 00510
245 _aAdoption of homestead farming technologies by the rural women of Savar upazila /
_bMS thesis
_cby Hasina Ferdousi.
260 _aSher-e- Bangla Agricultural University :
_bDepartment of Agricultural Extension and Information System,
_c2007.
300 _aix, 89 p. :
_bill. ,
_c30 cm.
500 _aMS thesis of Department of Agricultural Extension and Information System, Faculty of Agriculture, Sher-e-Bangla Agricultural University, Dhaka, Bangladesh
590 _ajoy
650 _aAgricultural Extension and Information System
650 _aHomestead farming technologies
_zSavar
700 _aUlla, Md. Shadat
_eSupervisor
700 _aHaque, M. Zahidul
_eCo-Supervisor
856 _uhttp://archive.saulibrary.edu.bd:8080/xmlui/handle/123456789/1570
942 _2ddc
_cTHESIS
999 _c9281
_d9281